000 00405nam a2200157Ia 4500
008 230711s9999||||xx |||||||||||||| ||und||
041 _aENG
082 _a658
_bIA-M
100 _aLacobucci,Dawn
245 0 _aMarketing management : a south asian perspective
250 _a1st . Ed.
260 _c2012
_aNew Delhi
_bCengage Learning
300 _a270
650 _aUNIVESITY BUSNIESS SCHOOL
942 _cBK
999 _c5607
_d5607